We are Indonesia

Gespeichert in:
Bibliographische Detailangaben
Hauptverfasser: Cahyana, Ade (VerfasserIn), Wibowo, Retno (VerfasserIn), Chamidi, Syafrudin Ismi (VerfasserIn)
Format: Buch
Sprache:Englisch
Veröffentlicht: Canberra APEC 1999
Schlagworte:
Tags: Tag hinzufügen
Keine Tags, Fügen Sie den ersten Tag hinzu!

MARC

LEADER 00000nam a2200000 a 4500
001 UCO8487
003 CL-VaPUC
008 001207e19990000AT |||||||||||||||||eng|d
082 0 4 |a 372.83  |b CAH  |2 21 
100 0 |a Cahyana, Ade  |e author  |9 453410 
700 0 |a Wibowo, Retno  |e author  |9 453411 
700 0 |a Chamidi, Syafrudin Ismi  |e author  |9 453412 
245 1 0 |a We are Indonesia 
300 |a 20 p 
942 |c BK 
945 |d 20001207 00:00:00  |a cmena 
260 |a Canberra  |b APEC  |c 1999 
500 |a Material en Hemeroteca 
500 |a Material complementario con textos We are APEC teacher's guide y We are Australia, Brunei Darussalam, Canada, Hong Kong, China, Korea, Malaysia, Mexico, Papua New Guinea, Philippines, Chinese Taipei, Thailand y CD-ROM We are APEC 
650 0 |a Métodos de enseñanza  |9 270413 
650 0 |a Relaciones Internacionales  |9 255740 
650 7 |a COMERCIO INTERNACIONAL  |2 CL-VaPUC  |9 453413 
650 0 |a Desarrollo económico y social   |9 256320 
651 7 |a INDONESIA  |2 CL-VaPUC  |9 322227 
583 |a last modification  |c 20170911 03:59:42  |k Rodrigo Vera 
999 |c 293106  |d 293104 
952 |0 0  |1 0  |4 0  |6 372_830000000000000_CAH_1999  |7 0  |8 A  |9 344299  |a BIBEDU  |b BIBEDU  |d 2019-11-20  |i 3630102  |o 372.83 CAH 1999  |p 3630102  |r 2019-11-20  |w 2019-11-20  |y BK  |k BME